000 00684nam a2200217 u 4500
001 000025247
005 20200930023645.0
008 110211s1969 mx a r 001 0 spa d
040 _aDO-SdBNP
_bspa
_cBNPHU
041 1 7 _aspa
_hfre
_2Código de idiomas MARC
082 _ann*
_bnn*
100 1 _aBlond, Georges.
_951740
240 1 3 _aLa legion etrangere.
_lEspañol
245 1 3 _aLa legión extranjera /
_cGeorges Blond ; traducción de Ramón Palazón B.
250 _a2a ed.
260 _aMéxico, D. F. :
_bDiana,
_c1969.
300 _a460 p. :
_bil. ;
_c22 cm.
534 _aTítulo orginal :
_tLa legion etrangere
700 1 _aPalazón B., Ramón,
_etr.
_945467
049 _aBNGR
999 _c24740
_d24740